00776nam a2200193 a 450000100100000000500170001000800410002704000250006808200220009310000390011524500880015426000470024230000210028950400410031065000540035165000430040595201190044899900150056700000583120200929151813.0090824s2004 dr 000 0 spa d aDO-SdBNPbspacBNPHU a346.729301bD542n1 aDíaz, Juan Albertod1963-91646610aNuevo código del menor desde la óptica de un periodista /cJuan Alberto Díaz. aSanto Domingo, :bEditorial Díaz,c2004. a145 p. ;c22 cm. aIncluye bibliografías (p. 144-145) 4aNiñosxEstado legal, legislación, etc.916467 4aMenoreszRepública Dominicana916468 0010718PDaPDbPDcCTd2009-08-24iLF1l0o346.729301 D542np5831-10r2020-06-25w2020-06-25yLFPDZNo se presta c5627d5627